000 00472nam a22001937a 4500
003 NUST - PNEC
005 20170116181131.0
008 151006b xxu||||| |||| 00| 0 eng d
020 _a0170129756
020 _a9780170129756
040 _cLIBRARY
082 _a657.0994 BAZ
100 _913989
_aBazley, Mike
245 _aContemporary accounting
_cMike Bazley
250 _a6th ed.
260 _cc. 2007
650 _913991
_aAccounting
_xMIS
942 _2ddc
_cBK
999 _c69985
_d69985